000 01131nam a2200277Ia 4500
003 OSt
005 20220923211505.0
006 a|||||r|||| 00| 0
007 ta
008 220922b |||||||| |||| 00| 0 hin d
020 _a9789352211210 (hbk)
_c600
024 _a336,256
037 _bBR6975, 13/03/2018, Rajkamal Prakashan Pvt. Ltd
_cTextual
040 _aARTS
_cARTS
_bhin
041 _2hin
_ahin
082 _aO152:g(Y5927), Q7
100 _aपाण्डेय, दीपक कुमार, संपा.
_9160616
245 0 _aदलित - विमर्श और हिन्दी साहित्य
246 _aDalit - vimarsha aur hindī sāhitya
260 _aइलाहाबाद
_b लोकभारती प्रकाशन
_c2017
300 _a196पृ.
_ccm.
650 _a दलित साहित्य
650 _aहिन्दी साहित्य
_9156264
942 _hO152:g(Y5927), Q7
_cTEXL
_2CC
999 _c300071
_d300071